000 00563nam a2200181Ia 4500
008 090124s9999 xx 000 0 und d
082 _b38473
100 _a"टिळक, ज. श्री."
245 _a मी जयंत टिळक
250 _a1
260 _bपद्मगंधा प्रकाशन
_c2002
300 _a224
600 _a"टिळक, ज. श्री."
630 _a मी जयंत टिळक
700 _a"टिळक, ज. श्री."
730 _a मी जयंत टिळक
942 _cBOOK
999 _c104489
_d104489